Memòria /
Descripción Física:
Il·lustracion ; 30 cm
Materias:
Barcelona (Catalunya : Província). -- Organisme Autònom Local de Gestió Tributària
; Barcelona (Catalunya : Província). -- Organisme de Gestió Tributària
; Barcelona (Catalunya : Província). -- Diputació -- Revistes
Idioma:
Catalán
MARC
| LEADER | 00000nam a2200000Ia 4500 | ||
|---|---|---|---|
| 001 | 10088, 10080, 10183, 10802, 10882, 11404, 11766, 12413, 12414, 13081, 13818, 14009, 15809, 16635, 17661, 17662, 21086, 21183, 22310, 23092, 23208, 23466, 26203 | ||
| 003 | Arxiu | ||
| 005 | 20260324181054.0 | ||
| 008 | 160829c1990 spc xx s cat c | ||
| 017 | |a DL B 18452-2014 | ||
| 040 | |a AGDB | ||
| 080 | |a FU-11-27, FU-11-28, M-1-146, M-1-147, M-1-148, M-1-149, M-1-150, M-1-151, M-1-152, M-3-404, M-4-36, M-4-82, M-4-330, M-5-60, M-5-209, M-5-210, M-6-129, M-6-143, M-6-311, M-6-392, M-6-404, M-6-430 | ||
| 080 | |a Bib-792 | ||
| 110 | 1 | |9 53627 |a Barcelona (Catalunya : Província). |b Organisme de Gestió Tributària | |
| 245 | 1 | 0 | |a Memòria / |c Organisme de Gestió Tributària |
| 260 | |a Barcelona : |b Diputació de Barcelona, |c 1990- | ||
| 300 | |b Il·lustracion ; |c 30 cm | ||
| 590 | |a El nom de l'entitat varia: Organisme de Gestió Tributària | ||
| 610 | 1 | 0 | |9 53833 |a Barcelona (Catalunya : Província). |b Organisme Autònom Local de Gestió Tributària |
| 610 | 0 | |9 53627 |a Barcelona (Catalunya : Província). |b Organisme de Gestió Tributària | |
| 610 | 1 | 0 | |9 54166 |a Barcelona (Catalunya : Província). |b Diputació |v Revistes |
| 710 | 1 | |9 53833 |a Barcelona (Catalunya : Província). |b Organisme Autònom Local de Gestió Tributària | |
| 866 | |a 1990, 1991, 1992, 1993, 1994, 1995, 1996, 1997, 1998, 1999, 2000, 2001, 2002, 2003, 2004, 2005, 2006, 2007, 2008, 2009, 2010, 2011, 2013 | ||
| 901 | |a Arxiu | ||
| 942 | |n 1 |2 udc |c ARXIU | ||
| 952 | |0 0 |1 0 |4 0 |6 M1146_M1147_M1148_M1149_M1150_M1151_M1152_M3404_M436_M482_M4330_M560_M5209_M5210_M6129_M6143_M6311_M6392_M6404_M6430 |7 1 |9 54924 |a Arxiu |b Arxiu |d 2016-12-01 |o M-1-146, M-1-147, M-1-148, M-1-149, M-1-150, M-1-151, M-1-152, M-3-404, M-4-36, M-4-82, M-4-330, M-5-60, M-5-209, M-5-210, M-6-129, M-6-143, M-6-311, M-6-392, M-6-404, M-6-430 |p 10183 |r 2016-12-01 00:00:00 |w 2016-12-01 |y ARXIU | ||
| 952 | |0 0 |1 0 |4 0 |6 BIB792 |7 1 |9 62717 |a Arxiu |b Arxiu |d 2022-07-08 |h 2013 |l 0 |o Bib-792 |p 26203 |r 2022-07-08 00:00:00 |w 2022-07-08 |y ARXIU | ||
| 952 | |0 0 |1 0 |4 0 |6 FU1127 |7 1 |9 65755 |a Arxiu |b Arxiu |d 2023-03-22 |h 1990 |l 0 |o FU-11-27 |p 10088 |r 2023-03-22 00:00:00 |w 2023-03-22 |y ARXIU | ||
| 952 | |0 0 |1 0 |4 0 |6 FU1128 |7 1 |9 65756 |a Arxiu |b Arxiu |d 2023-03-22 |h 1991 |l 0 |o FU-11-28 |p 10080 |r 2023-03-22 00:00:00 |w 2023-03-22 |y ARXIU | ||
| 999 | |c 58794 |d 58794 | ||